00000000nas 2200000za 4500
0019.500520
003CaOODSP
00520231123085000
007cr |||||||||||
008150406d20082010oncau p o||||f0   |0fre|d
040 |aCaOODSP|bfre
041 |afre|aeng|aspa
043 |an-cn---|an-mx---
0861 |aFR2-11-PDF
1101 |aCanada. |bAffaires étrangères et commerce international Canada.
24510|aCanada-Mexico Partnership, annual report |h[ressource électronique] = |bPartenariat Canada-Mexique, rapport annuel = Alianza Mexico-Canada, informe anual
24611|aPartenariat Canada-Mexique, rapport annuel
24611|aAlianza Mexico-Canada informe anual
260 |a[Ottawa] : |bpublié conjointement par le gouvernement du Mexique et le gouvernement du Canada, |c[2008]-2010.
310 |aAnnuel
3620 |a[2007-2008]-2009/2010.
546 |aTexte en français, anglais et espagnol.
7102 |aPartenariat Canada-Mexique.
791 |tCanada-Mexico Partnership, annual report |eeng|w(CaOODSP)9.500519